| 000 | 01586 a2200217 4500 | ||
|---|---|---|---|
| 001 | 28251 | ||
| 005 | 20260407155554.0 | ||
| 008 | 260407a2014 arg spa d | ||
| 003 | AR-UNSa-BCEJYS | ||
| 040 |
_aAR-UNSa-BCEJYS _bspa _cAR-UNSa-BCEJYS |
||
| 080 |
_a338.45 _xIndustria como sector económico. Producción comercial, industrial |
||
| 245 | 1 | 0 |
_aFortalecimiento de las cadenas de valor como instrumento de la política industrial _pmetodología y experiencia de la CEPAL en Centroamérica |
| 020 | _a978-92-1-221125-1 | ||
| 264 | 1 |
_aSantiago de Chile : _bCEPAL (Comisión Económica para América Latina y el Caribe) _c2014 |
|
| 300 |
_a383 p. _c22 cm. |
||
| 505 | _a1. El resurgimiento de la política industrial - 2. Metodología del proyecto CEPAL-GIZ para el diseño de estrategias de fortalecimiento de cadenas de valor - 3. Espacios de diálogo para construir estrategias de desarrollo conjunto público y privado - 4. La cadena de camarón de cultivo en El Salvador - 5. La cadena de fibras sintéticas-ropa deportiva en El Salvador - 6. Cadena de hortalizas de exportación - 7. La cadena de valor de los productos maderables de las concesiones forestales de Petén, Guatemala - 8. Análisis comparado de los procesos de fortalecimiento de cadenas de valor y reflexiones finales | ||
| 942 | _cBK | ||
| 590 | _aniveau_biblio:m niveau_hierar:0 | ||
| 100 | 1 | _aPadilla Pérez, Ramón | |
| 856 | 4 | 1 |
_uhttps://biblioeco.unsa.edu.ar/pmb/images/libros/Fortalecimiento de las cadenas de valor como instrumento de la politica industrial-l119999.jpg _yImagen de portada _qimage/jpeg |
| 999 |
_c1682 _d1682 |
||